Medición de diversidad biológica (Registro nro. 13756)

Detalles MARC
000 -CABECERA
Campo de control 002790000a22001090004500
090 ## - CLASIFICACIÓN LOCAL
Colección AR
Consecutivo 04656
041 0# - IDIOMA
Código de idioma para texto/pista de sonido o título separado
100 1# - ASIENTO PRINCIPAL--NOMBRE PERSONAL
Nombre personal Alberico, Michael
245 10 - MENCION DE TITULO
Título Medición de diversidad biológica
773 1# - Item fuente:
Título Cespedesia
Descripción física 41-42
Paginas del Articulo 21-29
Lugar, editorial y fecha de publicación 1982
Información sobre la relación Suppl. 3
942 ## - ELEMENTOS ADICIONALES (KOHA)
Tipo de ítem Artículo
Existencias
Withdrawn status Lost status Damaged status No para préstamo Colección Ubicación Permanente Ubicación actual Fecha de adquisición Datos de publicación Seriada Total Checkouts Número topográfico Inventario / Código de Barras Date last seen Ejemplar Price effective from Forma de adquisición Tipo de material
      No para Préstamo Hemeroteca Bogotá Bogotá 16/04/2010 Fuera de circulación   AR 04656 028013 25/03/2015 1 25/03/2015   Artículo